Business studies : (Record no. 9259)

MARC details
000 -LEADER
fixed length control field 00556cam a2200205ua 4500
008 - FIXED-LENGTH DATA ELEMENTS--GENERAL INFORMATION
fixed length control field 171128n ii |||gr||||Z||||||eng
020 ## - INTERNATIONAL STANDARD BOOK NUMBER
International Standard Book Number 9789327240658
040 ## - CATALOGING SOURCE
Transcribing agency MAIN
082 ## - DEWEY DECIMAL CLASSIFICATION NUMBER
Classification number 658
100 ## - MAIN ENTRY--PERSONAL NAME
Personal name Sarkar, S.S.,
Relator term
245 ## - TITLE STATEMENT
Title Business studies :
Remainder of title class XII /
Statement of responsibility, etc. By S.S. Sarkar and ohers .
250 ## - EDITION STATEMENT
Edition statement 6th rev. ed.
260 ## - PUBLICATION, DISTRIBUTION, ETC.
Place of publication, distribution, etc. Ludhiana:
Name of publisher, distributor, etc. Kalyani publishers,
Date of publication, distribution, etc. 2015.
300 ## - PHYSICAL DESCRIPTION
Extent 379+2 p.
700 ## - ADDED ENTRY--PERSONAL NAME
Personal name Sharma, R.K.,
Relator term
700 ## - ADDED ENTRY--PERSONAL NAME
Personal name Gupta, Shashi K.,
Relator term
942 ## - ADDED ENTRY ELEMENTS (KOHA)
Koha item type Books
653 ## - INDEX TERM--UNCONTROLLED
Uncontrolled term General management
Holdings
Withdrawn status Lost status Damaged status Not for loan Home library Current library Shelving location Date acquired Total Checkouts Full call number Barcode Date last seen Date last checked out Copy number Price effective from Koha item type Date due
        Central Library, Naharkatiya College Central Library, Naharkatiya College General Stacks 19/09/2020 42 658 | SAR 24291 04/08/2025 30/06/2025 3 19/09/2020 Books  
        Central Library, Naharkatiya College Central Library, Naharkatiya College General Stacks 19/09/2020 13 658 | SAR 24292 09/07/2022 09/07/2022 2 19/09/2020 Books 24/07/2022
        Central Library, Naharkatiya College Central Library, Naharkatiya College General Stacks 19/09/2020   658 | SAR 24293 24/09/2021   1 19/09/2020 Books  

Naharkatiya College © 2020. All rights reserved.

Powered By